02057nam a2200301 i 45000010008000000030009000080050017000170070003000340080041000370200031000780400021001090410013001300720048001430800024001910800019002151000023002342400041002572450090002982640039003883000023004274900013004505000033004635201148004966550024016446550021016687000037016897100029017265228441CZ PrSKC20260429111543.0ta260408s2026 xr g 000 f cze  a9788027744435cKč 499,00 aABG001bczeerda1 aczeheng 7a821.111(73)-3xAmerická próza2Konspekt a821.111(73)-312MRF a(0:82-31)2MRF1 aGilmore, Lucy4aut10aLibrary of borrowed hearts.lČesky10aKnihovna vypůjčených srdcí /cLucy Gilmore ; přeložila Karolina Limrová 1aPraha :bDobrovský s.r.o.,c2026 a357 stran ;c21 cm1 aKontrast aPřeloženo z angličtiny2 aRomantický příběh vypráví o neohrožené Chloe, která se sama stará o své tři mladší sourozence. Rozhodně to nemá jednoduché. Přesto ji čeká jedno velké překvapení, které jí změní život.bChloe Sampsonová to nemá lehké: stará se o tři mladší sourozence, hledá své pravé já a snaží se vydělat dost na to, aby měli z čeho žít. Už se zdá, že se ocitla v koncích, když ve sklepení knihovny, kde pracuje, najde velmi vzácnou starou knihu. K jejímu úžasu se vzápětí na prahu jejího domu objeví věčně nabručený samotářský soused a nabídne jí za ni doslova majlant. Když si ji Chloe prohlédne podrobněji, zjistí, že si na okrajích stránek dva mladí milenci kdysi nechávali vzkazy. Chloe nedokáže záhadě odolat a rozhodne se jí přijít na kloub. S nadšením zjišťuje, že to nebyla jediná kniha plná romantických vzkazů. Čím hlouběji se však do dechberoucí honby za pokladem noří, tím víc otázek vyvstává. Nakladatelská anotace. Kráceno. 7aamerické romány 9aAmerican fiction1 aLimrová, Karolina,d1979-4trl2 aDobrovský (firma)4pbl